Psychosocial impact of orofacial pain and discomfort among 16-17 years old school children in the district of Mersing /
Saved in:
| Main Author: | |
|---|---|
| Format: | Thesis Book |
| Language: | English |
| Published: |
1997
|
| Subjects: | |
| Tags: |
Add Tag
No Tags, Be the first to tag this record!
|
| LEADER | 00823cam a2200241 a 4500 | ||
|---|---|---|---|
| 001 | u419929 | ||
| 003 | SIRSI | ||
| 008 | 980120s1997 my v 00 1 eng | ||
| 035 | |a ACE-4952 | ||
| 040 | |a UMG | ||
| 043 | |a a_my_jo | ||
| 096 | |a WU141 |b Dorj 1997 | ||
| 100 | 0 | 0 | |a Doreyat Jemun. |
| 245 | 1 | 0 | |a Psychosocial impact of orofacial pain and discomfort among 16-17 years old school children in the district of Mersing / |c Doreyat bin Jemun. |
| 260 | |c 1997 | ||
| 300 | |a 78 leaves : |b ill. ; |c 31 cm. | ||
| 502 | |a Dissertation (M.C.D.) -- Faculty of Dentistry, University of Malaya, 1997. | ||
| 504 | |a Bibliography: p. 57-63. | ||
| 650 | 2 | |a Facial Pain |x psychology. | |
| 650 | 2 | |a Toothache. | |
| 948 | |a 20/01/1998 |b 22/01/1998 | ||
| 596 | |a 10 | ||
| 999 | |a WU141 DORJ 1997 |w LC |c 1 |i A502637196 |l STACKS |m P10PERGIGI |r Y |s Y |t TESIS |u 20/1/1998 | ||
